|
|
|
|
| LEADER |
00000nab a2200000 a 4500 |
| 001 |
vtls000775303 |
| 003 |
SK-MaSNL |
| 005 |
20260304120751.0 |
| 008 |
250429c2001 xo 0 slo |
| 015 |
|
|
|a SNBRB2001/11-33385
|
| 035 |
|
|
|a CLN000127090
|
| 035 |
|
|
|a urn:nbn:sk:snk-ab35ao
|
| 035 |
|
|
|a (urnnbn)urn:nbn:sk:snk:ar-a0687i
|
| 035 |
|
|
|a (uuid)be5490b0-b10f-4b18-bc37-39bffabedb5f
|
| 040 |
|
|
|a SNKBUCL
|b slo
|c SNKBUCL
|e AACR2
|
| 041 |
0 |
|
|a slo
|
| 044 |
|
|
|a xo
|c SK
|
| 080 |
|
|
|a 61-051
|2 1997
|
| 080 |
|
|
|a 616.2
|2 1997
|
| 080 |
|
|
|a 929 Weber, Jozef
|2 1997
|
| 100 |
1 |
|
|a Petríček, Štefan,
|d 1948-
|4 aut
|9 256454
|
| 245 |
1 |
0 |
|a Primár MUDr. Jozef Weber päťdesiatnikom
|c Š. Petríček, F. Dvořák
|
| 300 |
|
|
|b Fotogr.
|
| 600 |
1 |
7 |
|a Weber, Jozef,
|d 1950-
|2 snkbucl
|9 21874
|
| 655 |
|
7 |
|a články z novín a časopisov
|2 snkbucl
|9 267496
|
| 700 |
1 |
|
|a Dvořák, F.
|4 aut
|9 292706
|
| 773 |
0 |
|
|t Studia pneumologica et phthiseologica
|g Roč. 61, č. 1 (2001), s. 42
|x 0371-2222
|
| 850 |
|
|
|a Slovenská národná knižnica
|
| 852 |
|
|
|a Slovenská národná knižnica
|
| 954 |
|
|
|a odborná, vedecká literatúra pôvodná (slovenská)
|2 lita
|
| 958 |
|
|
|a article27
|
| 958 |
|
|
|a MI
|
| 958 |
|
|
|a SK
|
| 958 |
|
|
|a BX
|
| 958 |
|
|
|a OND
|
| 958 |
|
|
|a EUIPO
|
| 999 |
|
|
|c 2881413
|d 2883343
|